| 000 | 00942cam a2200241 4500 | ||
|---|---|---|---|
| 008 | 090401t1998 xxu||||| |||| 00| 0 eng d | ||
| 020 | _a0101404522 | ||
| 035 | _a(Sirsi) u88538 | ||
| 041 | _aeng | ||
| 050 |
_a711.52 _c18 |
||
| 110 |
_aCabinet Office _91071 |
||
| 245 |
_aBringing Britain together _ba national strategy for neighbourhood renewal |
||
| 260 |
_aLondon _bStationery Office _c1998 |
||
| 300 |
_a84p. _c30cm. |
||
| 350 | _a9.50 | ||
| 490 |
_aCm _v4045 |
||
| 520 | _aReport aims to develop integrated and sustainable approaches to the problems of the worst housing estates, including crime, drugs, unemployment, community breakdown and bad schools. | ||
| 690 | _aPROPERTY-PROPERTY MANAGEMENT-REGENERATION | ||
| 710 |
_aSocial Exclusion Unit _93668 |
||
| 856 |
_uhttps://www.socialexclusionunit.gov.uk/publications.asp?did=113 _zView the strategy at www.socialexclusionunit.gov.uk... |
||
| 942 | _n0 | ||
| 948 | _c17/09/1998 | ||
| 999 |
_c97356 _d97356 |
||